000 00286nam a2200133Ia 4500
100 _aSommerville Ian
942 _cRB
654 _asoftware
245 _aSoftware Engineering
260 _bADDISON WESLEY
_aWokingham
_c1992
082 _a5.1
_bSOM
300 _a649
546 _aENGLISH
999 _c30559
_d30559